Feeding and Greening the world: the role of international agricultural research (Record no. 4740)

MARC details
000 -LEADER
fixed length control field 00649nam a22002297a 4500
003 - CONTROL NUMBER IDENTIFIER
control field OSt
005 - DATE AND TIME OF LATEST TRANSACTION
control field 20210323155439.0
008 - FIXED-LENGTH DATA ELEMENTS--GENERAL INFORMATION
fixed length control field 160714b xxu||||| |||| 00| 0 eng d
020 ## - INTERNATIONAL STANDARD BOOK NUMBER
International Standard Book Number 9780851989204
020 ## - INTERNATIONAL STANDARD BOOK NUMBER
International Standard Book Number 0851989209
040 ## - CATALOGING SOURCE
Transcribing agency DDC
082 ## - DEWEY DECIMAL CLASSIFICATION NUMBER
Classification number 630 TRI 1994
100 ## - MAIN ENTRY--PERSONAL NAME
Personal name Tribe, Derek E.
9 (RLIN) 10214
245 ## - TITLE STATEMENT
Title Feeding and Greening the world: the role of international agricultural research
260 ## - PUBLICATION, DISTRIBUTION, ETC. (IMPRINT)
Place of publication, distribution, etc. UK; CAB International, 1994
300 ## - PHYSICAL DESCRIPTION
Extent xviii,274p;
Other physical details ill:
Dimensions 23cm.
504 ## - BIBLIOGRAPHY, ETC. NOTE
Bibliography, etc References, & index included
650 ## - SUBJECT ADDED ENTRY--TOPICAL TERM
Topical term or geographic name as entry element Feeding
9 (RLIN) 10215
650 ## - SUBJECT ADDED ENTRY--TOPICAL TERM
Topical term or geographic name as entry element Greening
9 (RLIN) 14017
650 ## - SUBJECT ADDED ENTRY--TOPICAL TERM
Topical term or geographic name as entry element Agriculture
9 (RLIN) 4591
942 ## - ADDED ENTRY ELEMENTS (KOHA)
Source of classification or shelving scheme Dewey Decimal Classification
Koha item type Open Shelf
Holdings
Withdrawn status Lost status Source of classification or shelving scheme Damaged status Not for loan Home library Current library Date acquired Source of acquisition Inventory number Total Checkouts Full call number Barcode Date last seen Koha item type
    Dewey Decimal Classification     MUST Main Library MUST Main Library 23/03/2021 Donation 03/18129   630 TRI 1994 2021-0308 23/03/2021 Open Shelf